The Muffin Song asdfmovie lyics - Statistics

General Stats
  • This quiz has been taken 39 times
  • The average score is 232 of 355
Answer Stats
Answer % Correct
muffin
100%
a
89%
i
89%
you
89%
its
86%
time
86%
who
82%
an
79%
die
75%
im
75%
wants
75%
and
71%
do
71%
ha
71%
hi
71%
me
71%
oh
71%
pie
71%
to
71%
have
68%
no
68%
wanna
68%
what
68%
baked
64%
go
64%
name
64%
please
64%
dad
61%
flavor
61%
just
61%
kill
61%
this
61%
why
61%
boy
57%
did
57%
hey
57%
hungry
57%
somebody
57%
way
57%
butterfly
54%
had
54%
like
54%
man
54%
now
54%
your
54%
can
50%
gonna
50%
potato
50%
the
50%
youre
50%
all
46%
blind
46%
got
46%
internet
46%
ooh
46%
real
46%
today
46%
were
46%
are
43%
book
43%
cause
43%
here
43%
is
43%
trains
43%
could
39%
look
39%
nose
39%
over
39%
though
39%
well
39%
cartoons
36%
dont
36%
drive
36%
even
36%
for
36%
hes
36%
leaving
36%
out
36%
buddy
32%
cant
32%
cow
32%
forever
32%
goodbye
32%
hello
32%
how
32%
llama
32%
met
32%
never
32%
said
32%
teach
32%
that
32%
they
32%
afford
29%
letting
29%
live
29%
pregnant
29%
say
29%
together
29%
alive
25%
bound
25%
breath
25%
especially
25%
explain
25%
feels
25%
honey
25%
idea
25%
jump
25%
license
25%
ok
25%
right
25%
since
25%
yea
25%
youll
25%
airplane
21%
meow
21%
take
18%
comes
14%
No matching quizzes found
Score Distribution
Percent of People with Each Score
Percentile by Number Answered
Your Score History
You have not taken this quiz